Central Library OPAC University of Rajshahi

Edward Edwards, 1812-1886 / (Record no. 484)

MARC details
000 -LEADER
fixed length control field 00851cam a22002651 4500
001 - CONTROL NUMBER
control field 484
003 - CONTROL NUMBER IDENTIFIER
rucl marc code BD-RjUL
005 - DATE AND TIME OF LATEST TRANSACTION
control field 20211208233204.0
008 - FIXED-LENGTH DATA ELEMENTS--GENERAL INFORMATION
fixed length control field 131118s1963 enkcef 000 0 eng
035 ## - SYSTEM CONTROL NUMBER
System control number (BD-RjUL)501
System control number (OCoLC)860885
040 ## - CATALOGING SOURCE
Original cataloging agency DLC
Transcribing agency OTU
Modifying agency OCoLC
-- Uk
-- DLC
-- BD-RjUL
Language of cataloging eng
041 ## - LANGUAGE CODE
Language code of text/sound track or separate title eng
082 ## - DEWEY DECIMAL CLASSIFICATION NUMBER
Edition number 21
Classification number 020
Author mark and year MUE 1963
100 1# - MAIN ENTRY--PERSONAL NAME
Personal name Munford, William Arthur.
9 (RLIN) 1498
245 00 - TITLE STATEMENT
Title Edward Edwards, 1812-1886 /
Remainder of title portrait of a librarian,
Statement of responsibility, etc. by W.A. Munford.
260 ## - PUBLICATION, DISTRIBUTION, ETC. (IMPRINT)
Place of publication, distribution, etc. London,
Name of publisher, distributor, etc. Library Association,
Date of publication, distribution, etc. c1963.
300 ## - PHYSICAL DESCRIPTION
Pagination 240 p. :
Illustrations plan, plates, ports. ;
Size 23 cm.
500 ## - GENERAL NOTE
General note "References": p. 207-228. "Select bibliography": p. 229-232.
600 10 - SUBJECT ADDED ENTRY--PERSONAL NAME
Personal name Edwards, Edward,
Dates associated with a name 1812-1886.
650 07 - SUBJECT ADDED ENTRY--TOPICAL TERM
Source of heading or term SLSH
Topical term or geographic name as entry element Edwards, Edward, -- 1812-1886.
9 (RLIN) 1500
942 ## - ADDED ENTRY ELEMENTS (KOHA)
Source of classification or shelving scheme Dewey Decimal Classification
Koha item type Books
Holdings
Lost status Source of classification or shelving scheme Damaged status Not for loan Collection code Permanent Location Current Location Shelving location Date acquired Source of acquisition Cost, normal purchase price Total Checkouts Full call number Date last seen Copy number Koha item type
  Dewey Decimal Classification   Not For Loan Non-fiction Central Library, University of Rajshahi Central Library, University of Rajshahi   23/07/1970 Zeitlinger 48.00   020 MUE 1963 18/11/2013 C-1 Books